Quick Pick: 'F' Literature Quiz Stats

 Plays Quiz Updated Apr 16, 2018

Challenge
Share
Tweet
Embed
Score 0/10 Timer 01:00
1 Play Today
% Correct
Frankenstein
94.9%
For Whom the Bell Tolls
91.1%
Fahrenheit 451
88.2%
Fear and Loathing in Las Vegas
76%
Far from the Madding Crowd
75.8%
Faust
75.6%
Finnegans Wake
75.6%
Foucault's Pendulum
71.5%
Fight Club
68.6%
Franny and Zooey
60.6%

Today's Daily Dose

You're not logged in!

Compare scores with friends on all Sporcle quizzes.
Join for Free
OR
Log In

You Might Also Like...

Show Comments

Extras

Top Quizzes Today


Score Distribution

Your Account Isn't Verified!

In order to create a playlist on Sporcle, you need to verify the email address you used during registration. Go to your Sporcle Settings to finish the process.

Report this User

Report this user for behavior that violates our Community Guidelines.

Details: